Catálogo
 En Linea

Jordaens / (Registro nro. 35344)

Detalles MARC
000 -CABECERA
campo de control de longitud fija 00632nam a2200193 a 4500
001 - NÚMERO DE CONTROL
campo de control 000035853
005 - FECHA Y HORA DE LA ÚLTIMA TRANSACCIÓN
campo de control 20200930074651.0
008 - DATOS DE LONGITUD FIJA--INFORMACIÓN GENERAL
campo de control de longitud fija 111115s1914 fr ac 000 0 fre d
040 ## - FUENTE DE LA CATALOGACIÓN
Centro catalogador/agencia de origen DO-SdBNP
Lengua de catalogación spa
Centro/agencia transcriptor BNPHU
082 ## - NÚMERO DE LA CLASIFICACIÓN DECIMAL DEWEY
Número de clasificación xxx
Número de documento/Ítem J82
100 1# - ENTRADA PRINCIPAL--NOMBRE DE PERSONA
Nombre de persona Jordaens, Jacques
9 (RLIN) 61831
245 10 - MENCIÓN DE TÍTULO
Título Jordaens /
Mención de responsabilidad, etc. Jacques Jordaens.
260 ## - PUBLICACIÓN, DISTRIBUCIÓN, ETC.
Lugar de publicación, distribución, etc. Paris :
Nombre del editor, distribuidor, etc. Pierre Lafitte et Cie.,
Fecha de publicación, distribución, etc. 1914.
300 ## - DESCRIPCIÓN FÍSICA
Extensión 80 p. :
Otras características físicas il., retr. ;
Dimensiones 20 cm.
490 1# - MENCIÓN DE SERIE
Mención de serie Les peintres illustres
Designación de volumen o secuencia 62
590 ## - NOTA LOCAL (RLIN)
Nota local Perteneció a la biblioteca personal de Juan Isidro Jimenes Grullón
700 1# - PUNTO DE ACCESO ADICIONAL--NOMBRE DE PERSONA
Nombre de persona Roujon, M. Henry
9 (RLIN) 61832
830 #0 - PUNTO DE ACCESO ADICIONAL DE SERIE-TÍTULO UNIFORME
Título uniforme Les peintres illustres
Número de parte o sección de la obra no. 62
9 (RLIN) 61833
Existencias
Estado de retiro Estado de pérdida Restricciones de uso No para préstamo Código de colección Localización permanente Ubicación/localización actual Ubicación en estantería Fecha de adquisición Número de inventario Total de préstamos Signatura topográfica completa Código de barras Fecha visto por última vez Precio válido a partir de Tipo de ítem Koha Nota pública
      Excluido de préstamo Raros y valiosos General General En catalogación 15.11.2011 LF1   xxx J82 35853-10 25.06.2020 25.06.2020 No se presta Perteneció a la biblioteca personal de Juan Isidro Jimenes- Grullón

Con tecnología Koha